Audiodebate discoforo /
Guardat en:
| Autor principal: | |
|---|---|
| Altres autors: | |
| Format: | Llibre |
| Idioma: | Spanish |
| Publicat: |
Quito, Ecuador
Asociación Latinoamericana de Educación Radiofónica, ALER
1985
|
| Col·lecció: | Manuales de Capacitación
|
| Matèries: | |
| Etiquetes: |
Afegir etiqueta
Sense etiquetes, Sigues el primer a etiquetar aquest registre!
|
MARC
| LEADER | 00000nam a22000007a 4500 | ||
|---|---|---|---|
| 003 | cru CIDCACS/IIS | ||
| 005 | 20170901100706.0 | ||
| 008 | 170901b1985 ec ao||| |||||00| 0 spa d | ||
| 999 | |c 40370 |d 40370 | ||
| 040 | |c cru CIDCACS/IIS | ||
| 100 | 1 | |9 5481 |a López Vigil, José Ignacio | |
| 245 | 1 | 0 | |a Audiodebate discoforo / |c José Ignacio López Vigil, ilustración Fabrizio Moreno S. |
| 260 | |a Quito, Ecuador |b Asociación Latinoamericana de Educación Radiofónica, ALER |c 1985 | ||
| 300 | |a 47 páginas | ||
| 440 | 0 | |9 5393 |a Manuales de Capacitación |n 5 | |
| 500 | |a Donación Alforja | ||
| 650 | 1 | 7 | |9 1436 |a TRABAJO EN GRUPO |
| 650 | 1 | 7 | |9 4828 |a MEDIOS DE COMUNICACION |
| 650 | 1 | 7 | |9 5301 |a GRUPOS |
| 650 | 1 | 0 | |9 291 |a EDUCACION POPULAR |
| 650 | 1 | 0 | |9 5482 |a FOROS |
| 651 | 1 | 0 | |9 17 |a AMERICA LATINA |
| 700 | 1 | |9 5484 |a Moreno S., Fabrizio | |
| 942 | |2 ddc |c LI | ||
